Predstavujeme Vám klub

Podrobná bibliografia
Médium: Článok
Jazyk:slovenčina
PhysicalDescription:Príloha VN, č. 16, s. /8/.
Predmet:

MARC

LEADER 00000nab a2200000 a 4500
001 vtls000149377
003 SK-MaSNL
005 20260303072935.0
008 111104c1983 xo 0 slo
015 |a SNBRB19rr/mm-uuuuu 
035 |a CL0159484 
040 |a SNKBUCL  |b slo  |c SNKBUCL  |e AACR2 
041 0 |a slo 
044 |a xo  |c SK 
080 |a 82:061.2:885.4  |2 1981 
080 |a 061.2  |2 1981 
080 |a 885.4  |2 1981 
245 0 0 |a Predstavujeme Vám klub 
300 |b Príloha VN, č. 16, s. /8/. 
500 |a V rubrike Dúha. 
650 0 7 |a literatúra juvenilná  |2 snkbucl  |9 921353 
650 0 7 |a literárne kluby  |2 snkbucl  |9 29112 
651 7 |a 5403  |2 snkbucl  |9 893808 
655 7 |a články z novín a časopisov  |2 snkbucl  |9 267496 
655 7 |a články z odboru literárna veda a krásna literatúra  |2 snkbucl  |9 770045 
773 0 |t Východoslovenské noviny  |g Roč. 32, č. 94 (22. 4. 1983) 
850 |a Slovenská národná knižnica v Martine  |a MTA001 
852 |a SNK  |b KIS3GCP 
958 |a RK 
958 |a LX 
992 |a RBX 
999 |c 1765415  |d 1767345